Die meistgesprochenen Sprachen der Welt - Statistiken

Allgemein
  • Dieses Quiz wurde 317 mal gespielt
  • Das Durchschnittsergebnis liegt bei 20 aus 45
Antwortstatistiken
Rang Sprache Gesamtsprecher Länder mit meisten Sprechern % Korrekt
1 Englisch 1.453 Mio. 👥 Großbritannien & USA
100%
2 Mandarin-Chinesisch 1.118 Mio. 👥 China, Taiwan
100%
4 Spanisch 548 Mio. 👥 Mexiko, Kolumbien, Spanien
98%
5 Französisch 274 Mio. 👥 Frankreich, Kongo, AlgerienMarokko, Kanada
97%
8 Russisch 258 Mio. 👥 Russland
95%
12 Deutsch 160 Mio. 👥 Deutschland, Österreich, SchweizLuxemburg, Liechtenstein
94%
6 Hocharabisch 274 Mio. 👥 Ägypten, Algerien, Saudi-Arabien
91%
13 Japanisch 125 Mio. 👥 Japan
89%
9 Portugiesisch 258 Mio. 👥 Brasilien, Portugal, AngolaMosambik, Kap Verde, Osttimor
86%
23 Koreanisch 82 Mio. 👥 Südkorea, Nordkorea
84%
17 Türkisch 88 Mio. 👥 Türkei
84%
29 Italienisch 68 Mio. 👥 Italien, Schweiz, San Marino
82%
37 Polnisch 50 Mio. 👥 Polen
77%
3 Hindi 602 Mio. 👥 Indien
76%
20 Vietnamesisch 86 Mio. 👥 Vietnam
75%
33 Thai 61 Mio. 👥 Thailand
71%
11 Indonesisch 199 Mio. 👥 Indonesien
70%
24 Iranisches Persisch 77 Mio. 👥 Iran
67%
14 Nigerianisches Pidgin 121 Mio. 👥 Nigeria
48%
26 Ägyptisch-Arabisch 75 Mio. 👥 Ägypten
44%
44 Algerisches Arabisch 40 Mio. 👥 Algerien
36%
7 Bengalisch 273 Mio. 👥 Bangladesch, Indien
34%
10 Urdu 231 Mio. 👥 Pakistan, Indien
33%
19 Kantonesisch 86 Mio. 👥 China
30%
18 Tamil 86 Mio. 👥 Indien, Sri Lanka
30%
27 Swahili 71 Mio. 👥 Tansania, Kenia, Uganda, Kongo Ruanda, Burundi
21%
21 Tagalog 82 Mio. 👥 Philippinen
20%
43 Sudanesisches Arabisch 42 Mio. 👥 Sudan
18%
28 Javanisch 68 Mio. 👥 Indonesien
15%
22 Wu-Chinesisch 82 Mio. 👥 China
14%
16 Telugu 96 Mio. 👥 Indien
12%
42 Burmesisch 43 Mio. 👥 Myanmar
10%
15 Marathi 99 Mio. 👥 Indien
10%
34 Amharisch 58 Mio. 👥 Äthiopien
9%
32 Gujarati 62 Mio. 👥 Indien
9%
25 Hausa 77 Mio. 👥 Nigeria, Niger
9%
36 Ostpanjabi 52 Mio. 👥 Pakistan, Indien
9%
30 Westpanjabi 66 Mio. 👥 Pakistan, Indien
9%
40 Yoruba 46 Mio. 👥 Nigeria, Benin
9%
31 Kannada 62 Mio. 👥 Indien
8%
39 Jin-Chinesisch 47 Mio. 👥 China
7%
41 Hakka 44 Mio. 👥 China
5%
35 Bhojpuri 53 Mio. 👥 Indien
4%
38 Min Nan Chinesisch /Hokkien 50 Mio. 👥 China
4%
45 Lingala 40 Mio. 👥 Kongo
2%
Keine übereinstimmenden Quizze gefunden
Verteilung der Resultate
Anzahl Personen mit jedem Resultat
Perzentil nach korrekt beantworteten Fragen
Ihre Resultats-Entwicklung
Sie haben dieses Quiz noch nicht gespielt